El Renacimiento Italiano / (Record no. 33188)

MARC details
000 -LEADER
campo de control de longitud fija 00663nam a2200193 i 4500
001 - NÚMERO DE CONTROL
campo de control 33188
003 - IDENTIFICADOR DE NÚMERO DE CONTROL
campo de control ES-MaACL
005 - FECHA Y HORA DE LA ÚLTIMA TRANSACCIÓN
campo de control 20250822151111.0
007 - CAMPO FIJO DE DESCRIPCIÓN FÍSICA--INFORMACIÓN GENERAL
campo de control de longitud fija t|
008 - DATOS DE LONGITUD FIJA--INFORMACIÓN GENERAL
campo de control de longitud fija 030201s1958 sp ||||1| spa d
100 1# - ENTRADA PRINCIPAL--NOMBRE DE PERSONA
Nombre de persona Bérence, Fred.
9 (RLIN) 27872
245 13 - MENCIÓN DEL TÍTULO
Título El Renacimiento Italiano /
Mención de responsabilidad, etc. Fred Bérence ; traducción por Manuel P. del Río-Cossa ; prólogo de Eduardo Aunós.
260 ## - PUBLICACIÓN, DISTRIBUCIÓN, ETC.
Lugar de publicación, distribución, etc. Madrid :
Nombre del editor, distribuidor, etc. Ediciones y Publicaciones,
Fecha de publicación, distribución, etc. 1958 (
Fabricante Sèz)
300 ## - DESCRIPCIÓN FÍSICA
Extensión XV, 528 p., 7 lám. ;
Dimensiones 23 cm.
700 1# - ENTRADA AGREGADA--NOMBRE PERSONAL
Nombre de persona Río-Cossa, Manuel P. del.
9 (RLIN) 97319
700 1# - ENTRADA AGREGADA--NOMBRE PERSONAL
Nombre de persona Aunós Pérez, Eduardo,
Fechas asociadas al nombre 1894-1967
9 (RLIN) 23920
852 ## - LOCALIZACIÓN
Ubicación ES-MaACL
Número de control de estantería C-15810
Sublocalización o colección R.43521
Holdings
Estatus retirado Estado de pérdida Estado de daño No para préstamo Biblioteca de origen Biblioteca actual Ubicación en estantería Fecha de adquisición Fuente de adquisición Total de préstamos Signatura topográfica completa Código de barras Visto por última vez Precio de reemplazo Tipo de ítem Koha
        Biblioteca del Ateneo de Madrid Biblioteca del Ateneo de Madrid Ficheros 17/01/2008     C-15810 1034502 23/02/2023 23/02/2023 Libro impreso